Airline Quiz - Statistics

General Stats
  • This quiz has been taken 2,651 times
    2,647 since last reset
  • The average score is 13 of 23
Answer Stats
Hint Answer % Correct
All Nippon Airways Japan
88%
Olympic Air Greece
76%
Kalitta Air USA
76%
Eastern Airways UK
73%
KiwiJet New Zealand
69%
Jetstar Airways Australia
67%
Air Transat Canada
67%
Royal Air Maroc Morocco
66%
Jet Airways India
63%
Edelweiss Air Switzerland
63%
TAM Airlines Brazil
59%
AirBaltic Latvia
56%
Wizz Air Hungary
54%
Niki Austria
53%
Cebu Pacific Philippines
50%
Transavia The Netherlands
48%
City Jet Ireland
47%
SilkAir Singapore
45%
OLT Express Poland
38%
Hifly Portugal
35%
Blue1 Finland
31%
Airlink South Africa
25%
Air Blue Pakistan
20%
No matching quizzes found
Score Distribution
Percent of People with Each Score
Percentile by Number Answered
Your Score History
You have not taken this quiz since the last reset